Statistics for Gemstones & Minerals

Click here to take the quiz!

General Stats

  • This quiz has been taken 409 times
    (280 since last reset)
  • The average score is 26 of 301

Answer Stats

Gem or Mineral% Correct
Diamond
88%
Ruby
88%
Emerald
82%
Amethyst
78%
Sapphire
77%
Quartz
70%
Opal
64%
Pearl
60%
Garnet
56%
Jade
56%
Topaz
56%
Amber
44%
Aquamarine
44%
Olivine
44%
Lapis Lazuli
42%
Obsidian
41%
Rose Quartz
38%
Turquoise
38%
Moonstone
35%
Agate
34%
Citrine
34%
Tiger Eye
34%
Jasper
33%
Pyrite
31%
Tourmaline
30%
Onyx
29%
Malachite
28%
Tanzanite
28%
Alexandrite
27%
Beryl
26%
Smoky Quartz
26%
Zircon
26%
Bloodstone
23%
Calcite
22%
Labradorite
21%
Sunstone
21%
Amazonite
19%
Fluorite
19%
Carnelian
18%
Coral
18%
Rhodonite
18%
Hematite
17%
Morganite
17%
Sodalite
17%
Talc
16%
Azurite
15%
Selenite
15%
Aventurine
14%
Jet
14%
Sugilite
14%
Apatite
13%
Chalcedony
13%
Jadeite
13%
Kyanite
13%
Spinel
13%
Sulfur
13%
Howlite
12%
Larimar
12%
Anhydrite
11%
Gypsum
11%
Kunzite
11%
Nephrite
11%
Rutile
11%
Ametrine
10%
Iolite
10%
Chrysocolla
9%
Feldspar
9%
Lepidolite
9%
Moldavite
9%
Quartzite
9%
Rhodochrosite
9%
Rubellite
9%
Serpentine
9%
Titanite
9%
Celestite
8%
Actinolite
7%
Adamite
7%
Albite
7%
Almandine
7%
Aragonite
7%
Bixbite
7%
Chrysoberyl
7%
Corundum
7%
Diopside
7%
Hessonite
7%
Cinnabar
6%
Danburite
6%
Dolomite
6%
Epidote
6%
Prehnite
6%
Scapolite
6%
Algodonite
5%
Ammolite
5%
Anatase
5%
Anorthite
5%
Apophylite
5%
Barite
5%
Benitoite
5%
Brookite
5%
Charoite
5%
Chrysoprase
5%
Dioptase
5%
Heliodor
5%
Lazulite
5%
Magnesite
5%
Muscovite
5%
Orthoclase
5%
Painite
5%
Petalite
5%
Pyrope
5%
Tsavorite
5%
Wulfenite
5%
Andesine
4%
Andradite
4%
Axinite
4%
Neptunite
4%
Pietersite
4%
Spessartite
4%
Sphalerite
4%
Vanadinite
4%
Zincite
4%
Aegerine
3%
Afghanite
3%
Amblygonite
3%
Analcime
3%
Anglesite
3%
Bornite
3%
Brazilianite
3%
Brucite
3%
Celestine
3%
Cerussite
3%
Cordierite
3%
Crocoite
3%
Cuprite
3%
Dumortierite
3%
Fuchsite
3%
Grandidierite
3%
Hauyne
3%
Holtite
3%
Idocrase
3%
Mimetite
3%
Padparadscha
3%
Peacock Ore
3%
Powellite
3%
Rhodizite
3%
Sapphirine
3%
Siderite
3%
Staurolite
3%
Taaffeite
3%
Tektite
3%
Ulexite
3%
Uvarovite
3%
Variscite
3%
Augelite
2%
Boleite
2%
Boracite
2%
Bustamite
2%
Bytownite
2%
Cassiterite
2%
Chromite
2%
Cobaltite
2%
Datolite
2%
Euxanite
2%
Humite
2%
Leucite
2%
Microcline
2%
Niccolite
2%
Nuummite
2%
Papagoite
2%
Parisite
2%
Phenakite
2%
Pollucite
2%
Scorodite
2%
Shattuckite
2%
Shortite
2%
Simpsonite
2%
Smaltite
2%
Tantalite
2%
Tugtupite
2%
Zunyite
2%
Andalusine
1%
Bayldonite
1%
Beryllonite
1%
Bismutotantalite
1%
Breithauptite
1%
Canacite
1%
Cancrinite
1%
Catapleiit
1%
Ceruleite
1%
Chabazite
1%
Chambersite
1%
Childrenite
1%
Chiolite
1%
Clinochlore
1%
Colmanite
1%
Covellite
1%
Creedite
1%
Cryolite
1%
Diaspore
1%
Dickinsonite
1%
Ekanite
1%
Enstatite
1%
Eosphorite
1%
Ettringite
1%
Euclase
1%
Eudialyte
1%
Fergusonite
1%
Friedelite
1%
Gadolinite
1%
Gahnospinel
1%
Gaylussite
1%
Hambergite
1%
Hemimphorite
1%
Herderite
1%
Hodgkinsonite
1%
Huebnerite
1%
Hureaulite
1%
Hurlbutite
1%
Hyperitdiabas
1%
Inderite
1%
Jeremejevite
1%
Kammererit
1%
Kornerupine
1%
Kurnakovite
1%
Langbeinite
1%
Lawsonite
1%
Legrandite
1%
Leopardite
1%
Linarite
1%
Ludlamite
1%
Manganotantalite
1%
Marcasite
1%
Maw-sit-sit
1%
Meliphanite
1%
Mellite
1%
Microlite
1%
Milarite
1%
Millerite
1%
Monazite
1%
Mordenite
1%
Nambulite
1%
Natroline
1%
Nepheline
1%
Oligoclase
1%
Palygorskite
1%
Paraiba
1%
Pargasite
1%
Pentlandite
1%
Periclase
1%
Peristerite
1%
Perthite
1%
Phosgenite
1%
Phosphophyllite
1%
Poudretteite
1%
Prosopite
1%
Proteus
1%
Proustite
1%
Pumpellyite
1%
Pyrargyrite
1%
Pyrophyllite
1%
Pyroxmangite
1%
Pyrrhotite
1%
Realgar
1%
Rodolite
1%
Samarskite
1%
Sanidine
1%
Sarcolite
1%
Scheelite
1%
Sellaite
1%
Senarmontite
1%
Septarian
1%
Serandite
1%
Sillimanite
1%
Sinhalite
1%
Sogdianite
1%
Spudumene
1%
Spurrite
1%
Stibiotantalite
1%
Stichtite
1%
Stolzite
1%
Strontianite
1%
Tephroite
1%
Thaumasite
1%
Thomsonite
1%
Tremolite
1%
Triphylite
1%
Vayrynenite
1%
Villaumite
1%
Vivianite
1%
Wardite
1%
Wavellite
1%
Weloganite
1%
Whewellet
1%
Wilkeite
1%
Willemite
1%
Witherite
1%
Wollastonite
1%
Xonotlite
1%
Yugawaralite
1%
Zektzerite
1%

Score Distribution

Percentile by Number Answered

Percent of People with Each Score

Your Score History

You have not taken this quiz since the last reset